Kpop Idol by Picture (2026) - Statistics

General Stats
  • This quiz has been taken 361 times
  • The average score is 10 of 16
Answer Stats
Picture Answer % Correct
Hwasa
84%
James
82%
Wonyoung
79%
Kai
75%
G-Dragon
70%
Julie
63%
Chuu
62%
Sullyoon
61%
Asa
60%
Ella
59%
Yunah
55%
Eunwoo
54%
Soul
47%
Leehan
45%
Irene
35%
Soojin
31%
No matching quizzes found
Score Distribution
Percent of People with Each Score
Percentile by Number Answered
Your Score History
You have not taken this quiz